| 000 | 00425nam a2200157 i 4500 | ||
|---|---|---|---|
| 001 | 25452 | ||
| 003 | ES-MaACL | ||
| 005 | 20230906153253.0 | ||
| 007 | t| | ||
| 008 | 021226s1967 sp ||||1| spa d | ||
| 100 | 1 |
_aArias, Olga. _922755 |
|
| 245 | 1 | 3 |
_aEl cornetín de los sueños / _cOlga Arias. |
| 260 |
_aCádiz : _b[s.n., _c1967] ( _fImp. Narvèz) |
||
| 300 |
_a28 p. ; _c21 cm. |
||
| 852 |
_aES-MaACL _j2060-F-14 _bR.65183 |
||
| 999 |
_c25452 _d25452 |
||